A Bonduelle vagyoni-, pénzügyi és jövedelmezőségi helyzetének értékelése több év beszámolói alapján.

Bibliográfiai részletek
Szerző: Babik Csenge
További közreműködők: Zelenka dr. Józsefné
Dokumentumtípus: Projektmunka
Kulcsszavak:elemzés(ek)
jövedelmezőségi helyzet
likviditás
pénzügyi helyzet
vagyoni helyzet
Online Access:http://dolgozattar.uni-bge.hu/60351

MARC

LEADER 00000nnm a2200000 i 4500
001 dolg60351
005 20260409150455.0
008 260409suuuu hu o 000 hun d
040 |a BGE Dolgozattár Repozitórium  |b hun 
041 |a hu 
100 1 |a Babik Csenge 
245 1 2 |a A Bonduelle vagyoni-, pénzügyi és jövedelmezőségi helyzetének értékelése több év beszámolói alapján.  |c Babik Csenge  |h [elektronikus dokumentum] 
516 |a Project_work 
520 3 |a A dolgozat célja, hogy átfogó képet adjon a Bonduelle Central Europe Kft. vagyoni, pénzügyi és jövedelmezőségi helyzetéről a 2021-2023 közötti időszakban. Az elemzés során a vállalat mérlegének és eredménykimutatásának főbb adataira támaszkodtam. A vizsgált mutatók alapján értékeltem a vállalkozás stabilitását, működési hatékonyságát és az erőforrások felhasználásának eredményességét. A vizsgálat eredményei rávilágítanak a vállalat 2022-ben bekövetkező kiugró teljesítményére, valamint a 2023-as konszolidáltabb működés okaira. Az elemzés összességében megmutatja, hogy a vállalat pénzügyi helyzete stabilnak és hosszú távon fenntarthatónak tekinthető. 
695 |a elemzés(ek) 
695 |a jövedelmezőségi helyzet 
695 |a likviditás 
695 |a pénzügyi helyzet 
695 |a vagyoni helyzet 
700 1 |a Zelenka dr. Józsefné  |e ths 
856 4 0 |u http://dolgozattar.uni-bge.hu/60351/1/2025_Za%CC%81ro%CC%81dolgozat_Babik%20Csenge.pdf  |z Dokumentum-elérés 
856 4 0 |u http://dolgozattar.uni-bge.hu/60351/2/Babik%20Csenge_FOSZK_b%C3%ADr%C3%A1lat.pdf  |z Dokumentum-elérés